<?xml version="1.0" encoding="UTF-8"?><?xml-stylesheet type="text/xsl" href="static/style.xsl"?><OAI-PMH xmlns="http://www.openarchives.org/OAI/2.0/" xmlns:xsi="http://www.w3.org/2001/XMLSchema-instance" xsi:schemaLocation="http://www.openarchives.org/OAI/2.0/ http://www.openarchives.org/OAI/2.0/OAI-PMH.xsd"><responseDate>2026-04-14T19:24:01Z</responseDate><request verb="GetRecord" identifier="oai:uvadoc.uva.es:10324/77155" metadataPrefix="marc">https://uvadoc.uva.es/oai/request</request><GetRecord><record><header><identifier>oai:uvadoc.uva.es:10324/77155</identifier><datestamp>2025-09-07T10:52:39Z</datestamp><setSpec>com_10324_38</setSpec><setSpec>col_10324_787</setSpec></header><metadata><record xmlns="http://www.loc.gov/MARC21/slim" xmlns:doc="http://www.lyncode.com/xoai" xmlns:xsi="http://www.w3.org/2001/XMLSchema-instance" xmlns:dcterms="http://purl.org/dc/terms/" xsi:schemaLocation="http://www.loc.gov/MARC21/slim http://www.loc.gov/standards/marcxml/schema/MARC21slim.xsd">
<leader>00925njm 22002777a 4500</leader>
<datafield tag="042" ind1=" " ind2=" ">
<subfield code="a">dc</subfield>
</datafield>
<datafield tag="720" ind1=" " ind2=" ">
<subfield code="a">Marrao da Silva, Tania</subfield>
<subfield code="e">author</subfield>
</datafield>
<datafield tag="260" ind1=" " ind2=" ">
<subfield code="c">2025</subfield>
</datafield>
<datafield tag="520" ind1=" " ind2=" ">
<subfield code="a">El presente Trabajo de Fin de Máster tiene como objetivo diseñar una propuesta de &#xd;
intervención teniendo como destinatario principal a las familias, con la finalidad de &#xd;
fomentar una relación de calidad y basada en la confianza y respeto mutuo entre las &#xd;
familias y el centro educativo. Teniendo esto una repercusión notoria en la convivencia &#xd;
del centro y la mejora del rendimiento académico del alumnado. &#xd;
Antes de la propuesta de intervención, se llevará a cabo una revisión bibliográfica con &#xd;
el fin interiorizar conceptos clave relacionados con el ámbito familiar y aspectos a tener &#xd;
en cuenta a la hora de llevar a cabo una intervención con familias, considerando este &#xd;
marco teórico fundamental para poder desempeñar funciones como profesora de &#xd;
Servicios a la comunidad, plasmando de igual manera, la importancia de esta figura &#xd;
profesional en los centros educativos.</subfield>
</datafield>
<datafield tag="024" ind2=" " ind1="8">
<subfield code="a">https://uvadoc.uva.es/handle/10324/77155</subfield>
</datafield>
<datafield tag="245" ind1="0" ind2="0">
<subfield code="a">La influencia de la participación familiar en el  rendimiento académico del alumnado. Proyecto semillas  de familia</subfield>
</datafield>
</record></metadata></record></GetRecord></OAI-PMH>